[Event "DEM U14 2003"]
[Site "Willingen GER"]
[Date "2003.06.10"]
[Round "5"]
[White "Sohl, Jan"]
[Black "Tereick, Benjamin"]
[Result "1-0"]
[Termination "normal"]
[Board "11"]
[WhiteElo "1766"]
[BlackElo "1751"]
[PlyCount "45"]
[WhiteFideId "4698070"]
[BlackFideId "24607541"]
[EventCountry "GER"]
[EventRounds "9"]
[EventType "swiss"]
[EventDate "2003.06.07"]

1. e4 e6 2. d4 d5 3. Nc3 Nc6 4. Nf3 Nf6 5. Bg5 Bb4 6. e5 h6 7. Bh4 g5 8. Nxg5
Ne4 9. Ngxe4 Qxh4 10. Nf6+ Kd8 11. g4 Be7 12. Bb5 Bxf6 13. exf6 Qxf6 14. Bxc6
bxc6 15. Qd2 e5 16. O-O-O Bxg4 17. dxe5 Qxe5 18. Rde1 Qd6 19. Qd4 Rg8 20. Rhg1
c5 21. Qxd5 Qxd5 22. Nxd5 Rg5 23. Rxg4 1-0

[Event "DEM U14 2003"]
[Site "Willingen GER"]
[Date "2003.06.10"]
[Round "5"]
[White "Cammann, Tim"]
[Black "Rietze, Clemens"]
[Result "0-1"]
[Termination "normal"]
[Board "12"]
[WhiteElo "1401"]
[BlackElo "1716"]
[PlyCount "110"]
[BlackFideId "24620351"]
[EventCountry "GER"]
[EventRounds "9"]
[EventType "swiss"]
[EventDate "2003.06.07"]

1. d4 e6 2. c4 d5 3. Nc3 c5 4. e3 Nf6 5. Nf3 Nc6 6. cxd5 exd5 7. Bb5 a6 8.
Bxc6+ bxc6 9. Ne5 Qc7 10. Qa4 Bb7 11. g4 Nd7 12. f4 Nxe5 13. fxe5 Qd7 14. h3
Be7 15. O-O h5 16. Rf4 hxg4 17. hxg4 g5 18. Rf5 Rh4 19. Qd1 O-O-O 20. Qf3 Rdh8
21. Ne2 Kb8 22. Ng3 Bc8 23. b3 Qd8 24. Ba3 Bxf5 25. Qxf5 Qc8 26. Rb1 Qxf5 27.
gxf5 Rh3 28. Nf1 Kc7 29. f6 Bf8 30. Rb2 cxd4 31. Bxf8 Rxf8 32. exd4 Rd3 33. Rd2
Rxd2 34. Nxd2 Rh8 35. Kg2 Kd7 36. Nf3 a5 37. Kg3 c5 38. dxc5 Rc8 39. Nxg5 Ke8
40. Kg4 Rxc5 41. Kf5 d4 42. Ne4 Rd5 43. Nd2 Rc5 44. Ke4 d3 45. Kxd3 Rxe5 46.
Nc4 Rh5 47. Kd4 Kd7 48. a3 Ke6 49. b4 axb4 50. axb4 Kxf6 51. Na3 Ke6 52. b5
Rd5+ 53. Kc4 Kd6 54. b6 Kc6 55. b7 Rd8 0-1

[Event "DEM U14 2003"]
[Site "Willingen GER"]
[Date "2003.06.10"]
[Round "5"]
[White "Völbel, Patrick"]
[Black "Schmidt, Armin"]
[Result "1-0"]
[Termination "normal"]
[Board "13"]
[WhiteElo "1815"]
[BlackElo "1668"]
[PlyCount "75"]
[WhiteFideId "24622583"]
[BlackFideId "24610160"]
[EventCountry "GER"]
[EventRounds "9"]
[EventType "swiss"]
[EventDate "2003.06.07"]

1. e4 c6 2. d3 d5 3. Nd2 dxe4 4. dxe4 e5 5. Ngf3 Bg4 6. Be2 Bc5 7. O-O Bxf3 8.
Nxf3 Nd7 9. c3 Ngf6 10. b4 Bb6 11. Qc2 O-O 12. Bg5 Qc7 13. Rfd1 h6 14. Bh4 g5
15. Bg3 Nh5 16. Rxd7 Qxd7 17. Nxe5 Qe7 18. Bxh5 c5 19. Ng4 Kg7 20. e5 cxb4 21.
Nf6 Rh8 22. Rd1 Rad8 23. Rxd8 Qxd8 24. cxb4 Qd4 25. h3 Qxb4 26. Qf5 Qe7 27. h4
Qe6 28. Qxe6 fxe6 29. hxg5 hxg5 30. Bf3 Bd8 31. Ne4 b6 32. Be2 Be7 33. Bc4 Kf7
34. Nd6+ Bxd6 35. exd6 Kf6 36. Ba6 Rd8 37. f4 gxf4 38. Bh4+ 1-0

[Event "DEM U14 2003"]
[Site "Willingen GER"]
[Date "2003.06.10"]
[Round "5"]
[White "Friedrich, Paul-Robert"]
[Black "Kölsch, Maximilian"]
[Result "1-0"]
[Termination "normal"]
[Board "14"]
[WhiteElo "1599"]
[BlackElo "1688"]
[PlyCount "49"]
[WhiteFideId "24616036"]
[BlackFideId "24618462"]
[EventCountry "GER"]
[EventRounds "9"]
[EventType "swiss"]
[EventDate "2003.06.07"]

1. d4 d5 2. c4 c6 3. Nc3 Nf6 4. Bg5 e6 5. e3 Nbd7 6. Nf3 Bd6 7. Qc2 O-O 8. Bd3
h6 9. Bh4 dxc4 10. Bxc4 b5 11. Bd3 a6 12. Ne4 Qc7 13. Nxd6 Qxd6 14. Bg3 Qb4+
15. Nd2 Bb7 16. O-O c5 17. a3 Qa5 18. dxc5 Rac8 19. b4 Qd8 20. Rfd1 e5 21. Be4
Nxe4 22. Nxe4 Bc6 23. Nd6 Ra8 24. Rd2 Qg5 25. Qf5 1-0

[Event "DEM U14 2003"]
[Site "Willingen GER"]
[Date "2003.06.11"]
[Round "6"]
[White "Figura, Atila Gajo"]
[Black "Siebarth, Raiko"]
[Result "1/2-1/2"]
[Termination "normal"]
[Board "1"]
[WhiteElo "2111"]
[BlackElo "2103"]
[PlyCount "67"]
[WhiteFideId "4688058"]
[BlackFideId "4674766"]
[EventCountry "GER"]
[EventRounds "9"]
[EventType "swiss"]
[EventDate "2003.06.07"]

1. d4 Nf6 2. c4 g6 3. Nc3 Bg7 4. Nf3 O-O 5. Bg5 d6 6. e3 c6 7. Be2 a6 8. O-O b5
9. b4 bxc4 10. Bxc4 Nbd7 11. e4 Qc7 12. Rc1 e6 13. Re1 Qb8 14. a3 Nb6 15. Bf1
h6 16. Bxf6 Bxf6 17. e5 Bg7 18. exd6 Qxd6 19. Ne4 Qd7 20. Ne5 Bxe5 21. dxe5 Nd5
22. Bc4 Kg7 23. Qc2 a5 24. Bxd5 cxd5 25. Nf6 Qb5 26. Qd2 axb4 27. Ng4 Rh8 28.
axb4 Bd7 29. Qf4 Rab8 30. Qf6+ Kg8 31. Qe7 Kg7 32. Qf6+ Kg8 33. Qe7 Kg7 34.
Qf6+ 1/2-1/2

[Event "DEM U14 2003"]
[Site "Willingen GER"]
[Date "2003.06.11"]
[Round "6"]
[White "Baldauf, Marco"]
[Black "Dinger, Florian"]
[Result "1-0"]
[Termination "normal"]
[Board "2"]
[WhiteElo "2093"]
[BlackElo "1746"]
[PlyCount "75"]
[WhiteFideId "4688210"]
[BlackFideId "24605573"]
[EventCountry "GER"]
[EventRounds "9"]
[EventType "swiss"]
[EventDate "2003.06.07"]

1. e4 c5 2. Nf3 d6 3. d4 cxd4 4. Nxd4 Nf6 5. Nc3 g6 6. Be3 Bg7 7. f3 O-O 8. Qd2
Nc6 9. Bc4 Bd7 10. O-O-O Rc8 11. Bb3 Ne5 12. Kb1 Nc4 13. Bxc4 Rxc4 14. g4 b5
15. b3 Rc7 16. g5 Nh5 17. Nd5 Rb7 18. Ne2 a5 19. Ng3 b4 20. Bd4 Bxd4 21. Qxd4
Ng7 22. h4 Ne6 23. Qb2 Bc6 24. Ne3 f6 25. Ng4 Rd7 26. Rdg1 d5 27. h5 Kf7 28.
hxg6+ hxg6 29. Rh7+ Ke8 30. gxf6 exf6 31. Rxd7 Kxd7 32. Rd1 Nc7 33. Ne3 Ke6 34.
Ne2 Rh8 35. Qd4 Qd6 36. exd5+ Nxd5 37. Nxd5 Bxd5 38. Nf4+ 1-0

[Event "DEM U14 2003"]
[Site "Willingen GER"]
[Date "2003.06.11"]
[Round "6"]
[White "Brener, Ilja"]
[Black "Becker, Erik"]
[Result "1-0"]
[Termination "normal"]
[Board "3"]
[WhiteElo "2168"]
[BlackElo "2049"]
[PlyCount "85"]
[WhiteFideId "4688201"]
[BlackFideId "4696921"]
[EventCountry "GER"]
[EventRounds "9"]
[EventType "swiss"]
[EventDate "2003.06.07"]

1. d4 Nf6 2. c4 g6 3. Nc3 Bg7 4. e4 d6 5. Nf3 O-O 6. Be2 e5 7. Be3 Ng4 8. Bg5
f6 9. Bh4 Nc6 10. d5 Ne7 11. Nd2 h5 12. h3 Nh6 13. f3 Nf7 14. b4 g5 15. Bf2 f5
16. Qc2 c6 17. Nb3 Bd7 18. O-O-O Qc7 19. Kb1 Rfc8 20. Rc1 a6 21. dxc6 bxc6 22.
c5 Rcb8 23. cxd6 Nxd6 24. Qd2 Nf7 25. Bc4 Bf6 26. Bc5 Rd8 27. Qf2 Nc8 28. Rhd1
Kg7 29. Bxf7 Kxf7 30. Rd3 Be6 31. Rxd8 Bxd8 32. Rd1 Be7 33. exf5 Bxf5+ 34. Ne4
Nd6 35. Ka1 Ne8 36. Qe3 Kg6 37. g4 hxg4 38. hxg4 Bxe4 39. Qxe4+ Kg7 40. Bxe7
Qxe7 41. Nc5 Nf6 42. Qxc6 Re8 43. Ne4 1-0

[Event "DEM U14 2003"]
[Site "Willingen GER"]
[Date "2003.06.11"]
[Round "6"]
[White "Beck, Frederik"]
[Black "Abel, Dennes"]
[Result "0-1"]
[Termination "normal"]
[Board "4"]
[WhiteElo "2087"]
[BlackElo "1915"]
[PlyCount "38"]
[WhiteFideId "4687388"]
[BlackFideId "24605417"]
[EventCountry "GER"]
[EventRounds "9"]
[EventType "swiss"]
[EventDate "2003.06.07"]

1. e4 c5 2. Nf3 Nc6 3. d4 cxd4 4. Nxd4 g6 5. c4 Bg7 6. Nc2 Nf6 7. Nc3 a6 8. Be2
b5 9. cxb5 axb5 10. f3 b4 11. Nd5 b3 12. axb3 Rxa1 13. Nxa1 Nxd5 14. Qxd5 Qb6
15. Qb5 Qa7 16. Qa4 Qb6 17. Qb5 Qa7 18. Qa4 Qc5 19. Qc4 Qa5+ 0-1

[Event "DEM U14 2003"]
[Site "Willingen GER"]
[Date "2003.06.11"]
[Round "6"]
[White "Klein, Felix"]
[Black "Schneider, David"]
[Result "1-0"]
[Termination "normal"]
[Board "6"]
[WhiteElo "1798"]
[BlackElo "2030"]
[PlyCount "105"]
[WhiteFideId "24600458"]
[BlackFideId "4697111"]
[EventCountry "GER"]
[EventRounds "9"]
[EventType "swiss"]
[EventDate "2003.06.07"]

1. e4 e5 2. Nf3 Nf6 3. Nxe5 d6 4. Nf3 Nxe4 5. d4 d5 6. Bd3 Nc6 7. O-O Bg4 8. c4
Nf6 9. Nc3 Be7 10. cxd5 Nxd5 11. Be4 Nxc3 12. bxc3 O-O 13. Rb1 Rb8 14. Re1 Bf6
15. Qc2 g6 16. Bxc6 bxc6 17. Rxb8 Qxb8 18. Ne5 Bf5 19. Qa4 c5 20. Ba3 Re8 21.
Bxc5 Re6 22. Bb4 c5 23. Bxc5 Bxe5 24. dxe5 Rxe5 25. Be3 Qb2 26. Qxa7 Qxc3 27.
Qb8+ Bc8 28. Rd1 Re8 29. h3 Qc6 30. Qg3 Be6 31. a3 Qa4 32. Qd6 h5 33. Bc5 Ra8
34. Bb4 Qc2 35. Re1 Qc4 36. Qe5 Rc8 37. Qf6 Kh7 38. Re3 Qc1+ 39. Re1 Qc4 40.
Ra1 Qb3 41. Bd6 Qd3 42. Be5 Rg8 43. Bb2 Qf5 44. Qc3 g5 45. a4 h4 46. f3 Qf4 47.
Qc2+ f5 48. Re1 Rg6 49. Qc3 Qb8 50. Rxe6 Qa7+ 51. Qe3 Qxa4 52. Rxg6 Kxg6 53.
Qe6+ 1-0

[Event "DEM U14 2003"]
[Site "Willingen GER"]
[Date "2003.06.11"]
[Round "6"]
[White "Rietze, Clemens"]
[Black "Lieder, Konrad"]
[Result "0-1"]
[Termination "normal"]
[Board "7"]
[WhiteElo "1716"]
[BlackElo "2123"]
[PlyCount "46"]
[WhiteFideId "24620351"]
[BlackFideId "4692721"]
[EventCountry "GER"]
[EventRounds "9"]
[EventType "swiss"]
[EventDate "2003.06.07"]

1. e4 Nf6 2. e5 Nd5 3. d4 d6 4. c4 Nb6 5. f4 dxe5 6. fxe5 Nc6 7. Be3 Bf5 8. Nc3
e6 9. Nf3 Qd7 10. Be2 O-O-O 11. c5 Nd5 12. Nxd5 Qxd5 13. Qd2 f6 14. exf6 gxf6
15. b4 Rg8 16. Kf2 Be4 17. b5 Nxd4 18. Nxd4 Rxg2+ 19. Ke1 Rxe2+ 20. Qxe2 Bxh1
21. c6 Bb4+ 22. Kf1 Bc3 23. cxb7+ Kxb7 0-1

[Event "DEM U14 2003"]
[Site "Willingen GER"]
[Date "2003.06.11"]
[Round "6"]
[White "Bogner, Sebastian"]
[Black "Sohl, Jan"]
[Result "0-1"]
[Termination "normal"]
[Board "9"]
[WhiteElo "1996"]
[BlackElo "1766"]
[PlyCount "68"]
[WhiteFideId "4692055"]
[BlackFideId "4698070"]
[EventCountry "GER"]
[EventRounds "9"]
[EventType "swiss"]
[EventDate "2003.06.07"]

1. d4 Nf6 2. c4 g6 3. Nc3 Bg7 4. e4 d6 5. Nf3 O-O 6. Be2 e5 7. Be3 Ng4 8. Bg5
f6 9. Bh4 Nc6 10. d5 Ne7 11. Nd2 Nh6 12. f3 g5 13. Bf2 f5 14. c5 g4 15. cxd6
cxd6 16. Rc1 Ng6 17. fxg4 Nxg4 18. Bxg4 fxg4 19. O-O Bh6 20. Rc2 Bd7 21. Nc4
Qe7 22. a4 Rf6 23. Ne3 Rxf2 24. Kxf2 Qh4+ 25. g3 Qxh2+ 26. Ng2 Rf8+ 27. Ke1
Qxg3+ 28. Rcf2 Nh4 29. Nxh4 Qxh4 30. Qe2 Bf4 31. Kd1 g3 32. Rf3 Bg4 33. Kc2
Bxf3 34. Qxf3 Bh6 0-1

[Event "DEM U14 2003"]
[Site "Willingen GER"]
[Date "2003.06.11"]
[Round "6"]
[White "Mandery, Markus"]
[Black "Billing, Christian"]
[Result "1/2-1/2"]
[Termination "normal"]
[Board "10"]
[WhiteElo "1829"]
[BlackElo "1797"]
[PlyCount "96"]
[WhiteFideId "24607126"]
[BlackFideId "4697294"]
[EventCountry "GER"]
[EventRounds "9"]
[EventType "swiss"]
[EventDate "2003.06.07"]

1. e4 e6 2. d3 d5 3. Nd2 c5 4. Ngf3 Nc6 5. g3 Nf6 6. Bg2 Be7 7. O-O b6 8. Re1
Bb7 9. e5 Nd7 10. Nf1 Qc7 11. Bf4 O-O-O 12. c3 h6 13. h4 Rdg8 14. h5 g5 15.
hxg6 fxg6 16. d4 g5 17. Be3 h5 18. Rc1 c4 19. b3 Na5 20. N1d2 g4 21. Nh2 Ba6
22. Nhf1 Ba3 23. Rc2 Bf8 24. Bf4 b5 25. Ne3 Nb6 26. f3 gxf3 27. Qxf3 Qh7 28.
Bh3 Qg6 29. Rcc1 Kb8 30. bxc4 Naxc4 31. Ndxc4 bxc4 32. a4 Bh6 33. Bxh6 Rxh6 34.
a5 Nc8 35. Rb1+ Kc7 36. Kh2 Ne7 37. Rf1 Rhh8 38. Ng2 Rf8 39. Nf4 Qc2+ 40. Rf2
Rxf4 41. Qxf4 Qxb1 42. Qf6 Qh7 43. Qxe6 h4 44. Qd6+ Kb7 45. g4 Bb5 46. a6+ Kc8
47. e6 Qd3 48. Rg2 Re8 1/2-1/2

[Event "DEM U14 2003"]
[Site "Willingen GER"]
[Date "2003.06.11"]
[Round "6"]
[White "Völbel, Patrick"]
[Black "Wagner, Florian"]
[Result "0-1"]
[Termination "normal"]
[Board "11"]
[WhiteElo "1815"]
[BlackElo "1742"]
[PlyCount "58"]
[WhiteFideId "24622583"]
[BlackFideId "4698118"]
[EventCountry "GER"]
[EventRounds "9"]
[EventType "swiss"]
[EventDate "2003.06.07"]

1. e4 c5 2. Nf3 Nc6 3. d3 g6 4. g3 Bg7 5. Bg2 d6 6. O-O e6 7. Nbd2 Nge7 8. c3
O-O 9. Ne1 Rb8 10. f4 b5 11. Ndf3 b4 12. Bd2 bxc3 13. Bxc3 Nd4 14. Nc2 Ba6 15.
Qd2 Nec6 16. Rab1 Nxc2 17. Qxc2 Nb4 18. Bxb4 Rxb4 19. a3 Rb6 20. Rfd1 Bd4+ 21.
Nxd4 cxd4 22. b4 Qb8 23. Qf2 e5 24. f5 f6 25. Bh3 g5 26. Qa2+ Kg7 27. Qe6 Rf7
28. Rbc1 Bb7 29. Rc2 d5 0-1

[Event "DEM U14 2003"]
[Site "Willingen GER"]
[Date "2003.06.11"]
[Round "6"]
[White "Friedrich, Paul-Robert"]
[Black "Forchmann, Georg"]
[Result "1-0"]
[Termination "normal"]
[Board "13"]
[WhiteElo "1599"]
[BlackElo "1637"]
[PlyCount "113"]
[WhiteFideId "24616036"]
[EventCountry "GER"]
[EventRounds "9"]
[EventType "swiss"]
[EventDate "2003.06.07"]

1. d4 Nf6 2. c4 g6 3. Nc3 Bg7 4. e4 d6 5. Nf3 O-O 6. Be2 e5 7. d5 a5 8. O-O
Nbd7 9. Be3 Ng4 10. Bd2 f5 11. Ng5 Nc5 12. exf5 gxf5 13. Bxg4 fxg4 14. Qe2 Bf5
15. Nge4 Nxe4 16. Nxe4 h6 17. f3 gxf3 18. Rxf3 Qh4 19. Ng3 Bg6 20. Raf1 b6 21.
Nf5 Bxf5 22. Rxf5 Rxf5 23. Rxf5 Qd4+ 24. Be3 Qe4 25. Rf1 h5 26. b3 Bh6 27. Re1
Bxe3+ 28. Qxe3 Qxe3+ 29. Rxe3 Rf8 30. Rg3+ Kh7 31. Rf3 Rxf3 32. gxf3 Kg6 33.
Kf2 Kg5 34. Ke3 Kh4 35. f4 exf4+ 36. Kxf4 Kh3 37. Kg5 h4 38. Kh5 Kxh2 39. Kxh4
Kg2 40. Kg5 Kf3 41. Kf6 Ke4 42. Ke6 Kd4 43. Kd7 b5 44. Kxc7 bxc4 45. bxc4 Kc5
46. a4 Kxc4 47. Kxd6 Kb4 48. Kc6 Kxa4 49. d6 Kb3 50. d7 a4 51. d8=Q a3 52. Qb6+
Kc2 53. Qc5+ Kb3 54. Qd5+ Kb2 55. Qd4+ Kb1 56. Qb4+ Ka2 57. Kc5 1-0

[Event "DEM U14 2003"]
[Site "Willingen GER"]
[Date "2003.06.11"]
[Round "6"]
[White "Schmidt, Armin"]
[Black "Kölsch, Maximilian"]
[Result "1-0"]
[Termination "normal"]
[Board "14"]
[WhiteElo "1668"]
[BlackElo "1688"]
[PlyCount "37"]
[WhiteFideId "24610160"]
[BlackFideId "24618462"]
[EventCountry "GER"]
[EventRounds "9"]
[EventType "swiss"]
[EventDate "2003.06.07"]

1. e4 c5 2. Nc3 Nc6 3. f4 g6 4. Nf3 a6 5. a4 Bg7 6. Bc4 d6 7. O-O e6 8. f5 exf5
9. d3 h6 10. Qe1 Nge7 11. Qh4 fxe4 12. dxe4 f6 13. Qg3 Ne5 14. Nxe5 dxe5 15.
Be3 Qa5 16. Nd5 Rf8 17. Nxe7 Kxe7 18. Qxg6 Rf7 19. Qxf7+ 1-0

[Event "DEM U14 2003"]
[Site "Willingen GER"]
[Date "2003.06.12"]
[Round "7"]
[White "Siebarth, Raiko"]
[Black "Baldauf, Marco"]
[Result "0-1"]
[Termination "normal"]
[Board "1"]
[WhiteElo "2103"]
[BlackElo "2093"]
[PlyCount "56"]
[WhiteFideId "4674766"]
[BlackFideId "4688210"]
[EventCountry "GER"]
[EventRounds "9"]
[EventType "swiss"]
[EventDate "2003.06.07"]

1. e4 c5 2. Nf3 e6 3. d4 cxd4 4. Nxd4 a6 5. Bd3 Nf6 6. O-O d6 7. Be3 Be7 8. Nc3
b5 9. a3 Bb7 10. f4 Nbd7 11. Qe2 O-O 12. g4 Nc5 13. Bf2 Re8 14. g5 Nfd7 15. h4
Bf8 16. h5 e5 17. Nf5 exf4 18. Bh4 g6 19. hxg6 fxg6 20. Rxf4 Ne6 21. Rg4 gxf5
22. g6 Be7 23. exf5 Bxh4 24. fxe6 Ne5 25. Rg2 Nf3+ 26. Kh1 Bg3 27. gxh7+ Kh8
28. Rxg3 Nd4+ 0-1

[Event "DEM U14 2003"]
[Site "Willingen GER"]
[Date "2003.06.12"]
[Round "7"]
[White "Abel, Dennes"]
[Black "Brener, Ilja"]
[Result "1/2-1/2"]
[Termination "normal"]
[Board "3"]
[WhiteElo "1915"]
[BlackElo "2168"]
[PlyCount "71"]
[WhiteFideId "24605417"]
[BlackFideId "4688201"]
[EventCountry "GER"]
[EventRounds "9"]
[EventType "swiss"]
[EventDate "2003.06.07"]

1. d4 Nf6 2. Nf3 e6 3. c4 b6 4. g3 Ba6 5. Nbd2 Bb4 6. Qc2 Bb7 7. Bg2 Be4 8. Qd1
O-O 9. O-O Bxd2 10. Bxd2 d6 11. Rc1 Nbd7 12. Bc3 Qe7 13. Nh4 Bxg2 14. Nxg2 e5
15. dxe5 Nxe5 16. Ne3 Nfg4 17. Nxg4 Nxg4 18. Qd4 Nf6 19. Qh4 Rfe8 20. Bxf6 Qxf6
21. Qxf6 gxf6 22. e3 Re4 23. Kg2 a5 24. Rfd1 Kg7 25. Rd5 Kg6 26. a4 Rae8 27. b3
f5 28. Rcd1 Kf6 29. Kf3 R8e5 30. h3 h5 31. Rxe5 Kxe5 32. Rd5+ Ke6 33. Rd4 Ke5
34. Rd5+ Ke6 35. Rd4 Ke5 36. Rd5+ 1/2-1/2

[Event "DEM U14 2003"]
[Site "Willingen GER"]
[Date "2003.06.12"]
[Round "7"]
[White "Lieder, Konrad"]
[Black "Klein, Felix"]
[Result "1/2-1/2"]
[Termination "normal"]
[Board "4"]
[WhiteElo "2123"]
[BlackElo "1798"]
[PlyCount "99"]
[WhiteFideId "4692721"]
[BlackFideId "24600458"]
[EventCountry "GER"]
[EventRounds "9"]
[EventType "swiss"]
[EventDate "2003.06.07"]

1. d4 d5 2. c4 e6 3. Nc3 c6 4. Nf3 dxc4 5. a4 Bb4 6. Bd2 b5 7. axb5 Bxc3 8.
Bxc3 cxb5 9. b3 cxb3 10. e3 Qd5 11. Nd2 Nf6 12. f3 O-O 13. e4 Qb7 14. Qxb3 a6
15. Qb2 Nbd7 16. Be2 Nb6 17. Bb4 Rd8 18. Nb3 Na4 19. Qd2 Qd7 20. Ba5 Re8 21.
O-O Bb7 22. Rfb1 Rab8 23. Bd3 Rec8 24. Ra2 Rc6 25. Rc2 Rxc2 26. Bxc2 Ba8 27.
Qd3 Ne8 28. Nd2 Nb6 29. Kf2 Nd6 30. g4 g6 31. Bb3 Qa7 32. Ke2 Re8 33. h4 h6 34.
h5 g5 35. e5 Ndc4 36. Bxb6 Nxb6 37. Bc2 f5 38. gxf5 Nd5 39. Kf2 exf5 40. Re1
Rf8 41. Bb3 Kg7 42. e6 Qe7 43. Qe2 Qd6 44. Qe5+ Qxe5 45. Rxe5 Ne7 46. Rc5 Rd8
47. Ke3 Kf6 48. Rc7 Bd5 49. Rd7 Bxb3 50. Rxd8 1/2-1/2

[Event "DEM U14 2003"]
[Site "Willingen GER"]
[Date "2003.06.12"]
[Round "7"]
[White "Sohl, Jan"]
[Black "Dinger, Florian"]
[Result "1/2-1/2"]
[Termination "normal"]
[Board "5"]
[WhiteElo "1766"]
[BlackElo "1746"]
[PlyCount "53"]
[WhiteFideId "4698070"]
[BlackFideId "24605573"]
[EventCountry "GER"]
[EventRounds "9"]
[EventType "swiss"]
[EventDate "2003.06.07"]

1. e4 e5 2. Nf3 Nc6 3. Bb5 d6 4. d4 exd4 5. Nxd4 Bd7 6. O-O Nge7 7. Be3 Nxd4 8.
Bxd7+ Qxd7 9. Qxd4 Nc6 10. Qd2 Be7 11. Nc3 O-O 12. Nd5 Rfe8 13. b3 Bf8 14. f3
Ne7 15. c4 b6 16. Bd4 Ng6 17. Rfe1 c6 18. Ne3 Rad8 19. Rad1 Ne7 20. Bb2 Qe6 21.
Qc3 f6 22. Rd3 Rd7 23. Red1 Red8 24. Ba3 f5 25. exf5 Nxf5 26. Nxf5 Qxf5 27. Qd2
1/2-1/2

[Event "DEM U14 2003"]
[Site "Willingen GER"]
[Date "2003.06.12"]
[Round "7"]
[White "Schneider, David"]
[Black "Plenca, Julijan"]
[Result "1/2-1/2"]
[Termination "normal"]
[Board "7"]
[WhiteElo "2030"]
[BlackElo "2066"]
[PlyCount "52"]
[WhiteFideId "4697111"]
[BlackFideId "14508044"]
[EventCountry "GER"]
[EventRounds "9"]
[EventType "swiss"]
[EventDate "2003.06.07"]

1. Nf3 e6 2. d4 Nf6 3. e3 c5 4. b3 Be7 5. Bb2 O-O 6. Bd3 b6 7. O-O Bb7 8. c4 d6
9. Nc3 Nbd7 10. Qe2 Rc8 11. Rfd1 Qc7 12. Rac1 Qb8 13. Bb1 Qa8 14. e4 Rfd8 15.
d5 e5 16. Nh4 g6 17. g3 Ne8 18. Ng2 Ng7 19. f4 Re8 20. Rf1 f6 21. Rf2 Rf8 22.
Rcf1 a6 23. Kh1 Rce8 24. Ne3 Qc8 25. a3 Nb8 26. f5 Nd7 1/2-1/2

[Event "DEM U14 2003"]
[Site "Willingen GER"]
[Date "2003.06.12"]
[Round "7"]
[White "Billing, Christian"]
[Black "Becker, Erik"]
[Result "0-1"]
[Termination "normal"]
[Board "8"]
[WhiteElo "1797"]
[BlackElo "2049"]
[PlyCount "62"]
[WhiteFideId "4697294"]
[BlackFideId "4696921"]
[EventCountry "GER"]
[EventRounds "9"]
[EventType "swiss"]
[EventDate "2003.06.07"]

1. e4 c5 2. Nf3 d6 3. d4 cxd4 4. Nxd4 Nf6 5. Nc3 a6 6. Be2 e6 7. Be3 Nbd7 8.
Qd2 b5 9. f3 Bb7 10. O-O Be7 11. a3 O-O 12. g4 Nb6 13. Rf2 Qc7 14. h4 Nfd7 15.
Bg5 Ne5 16. Ndxb5 axb5 17. Nxb5 Bxg5 18. hxg5 Qc5 19. b4 Nxf3+ 20. Bxf3 Qxb5
21. Qxd6 Nc4 22. Qd3 Rfd8 23. Qc3 Rac8 24. Be2 Qc6 25. Qf3 Ne5 26. Qf4 Qxe4 27.
Qxe4 Bxe4 28. Rf4 Bxc2 29. Ba6 Rc3 30. b5 Bd3 31. Ra4 Rc2 0-1

[Event "DEM U14 2003"]
[Site "Willingen GER"]
[Date "2003.06.12"]
[Round "7"]
[White "Tereick, Benjamin"]
[Black "Bogner, Sebastian"]
[Result "1-0"]
[Termination "normal"]
[Board "10"]
[WhiteElo "1751"]
[BlackElo "1996"]
[PlyCount "63"]
[WhiteFideId "24607541"]
[BlackFideId "4692055"]
[EventCountry "GER"]
[EventRounds "9"]
[EventType "swiss"]
[EventDate "2003.06.07"]

1. Nf3 Nf6 2. g3 b6 3. Bg2 Bb7 4. c4 c5 5. O-O g6 6. b3 Bg7 7. Bb2 O-O 8. d4
Na6 9. d5 e6 10. d6 Qb8 11. Na3 Rd8 12. Nb5 Ne8 13. Bxg7 Kxg7 14. a3 f6 15. Qd2
Qc8 16. Rfe1 Nb8 17. e4 a6 18. Nc3 e5 19. Rad1 Bc6 20. Nh4 Qb7 21. f4 exf4 22.
e5 Bxg2 23. exf6+ Nxf6 24. Re7+ Kg8 25. Qxf4 Rf8 26. Qh6 Rf7 27. Rxf7 Kxf7 28.
Nxg2 Nc6 29. Rf1 Ke6 30. Qe3+ Ne5 31. Nf4+ Kxd6 32. Rd1+ 1-0

[Event "DEM U14 2003"]
[Site "Willingen GER"]
[Date "2003.06.12"]
[Round "7"]
[White "Rietze, Clemens"]
[Black "Mandery, Markus"]
[Result "0-1"]
[Termination "normal"]
[Board "11"]
[WhiteElo "1716"]
[BlackElo "1829"]
[PlyCount "64"]
[WhiteFideId "24620351"]
[BlackFideId "24607126"]
[EventCountry "GER"]
[EventRounds "9"]
[EventType "swiss"]
[EventDate "2003.06.07"]

1. e4 c5 2. Nf3 Nc6 3. d4 cxd4 4. Nxd4 Nf6 5. Nc3 e5 6. Ndb5 d6 7. Nd5 Nxd5 8.
exd5 Nb8 9. c4 a6 10. Nc3 f5 11. Be2 Be7 12. O-O O-O 13. a3 Nd7 14. b4 Nf6 15.
Qc2 Bd7 16. Be3 f4 17. Bd2 g5 18. f3 Rf7 19. Bd3 Rc8 20. Be1 Qf8 21. a4 g4 22.
b5 gxf3 23. Rxf3 Bg4 24. Rf1 Nh5 25. bxa6 bxa6 26. Rb1 f3 27. g3 Bg5 28. Bf2
Bh3 29. Rfe1 Qh6 30. Rb6 Nxg3 31. Bxg3 Be3+ 32. Bf2 Qg5+ 0-1

[Event "DEM U14 2003"]
[Site "Willingen GER"]
[Date "2003.06.12"]
[Round "7"]
[White "Schmidt, Armin"]
[Black "Friedrich, Paul-Robert"]
[Result "1/2-1/2"]
[Termination "normal"]
[Board "12"]
[WhiteElo "1668"]
[BlackElo "1599"]
[PlyCount "47"]
[WhiteFideId "24610160"]
[BlackFideId "24616036"]
[EventCountry "GER"]
[EventRounds "9"]
[EventType "swiss"]
[EventDate "2003.06.07"]

1. e4 e6 2. d4 d5 3. Nc3 Bb4 4. e5 Ne7 5. Qg4 c5 6. Nf3 cxd4 7. Nxd4 Qc7 8. Qg3
Bxc3+ 9. bxc3 Bd7 10. Ba3 Na6 11. Bd6 Qa5 12. Be2 Nc8 13. Nb5 Bxb5 14. Bxb5+
Qxb5 15. Qxg7 Kd7 16. Qxh8 Qc4 17. Qxh7 Qxc3+ 18. Ke2 Nxd6 19. exd6 Qe5+ 20.
Kd2 Qf4+ 21. Kd1 Qd4+ 22. Ke2 Qe5+ 23. Kf3 Qf6+ 24. Ke2 1/2-1/2

[Event "DEM U14 2003"]
[Site "Willingen GER"]
[Date "2003.06.12"]
[Round "7"]
[White "Kölsch, Maximilian"]
[Black "Völbel, Patrick"]
[Result "0-1"]
[Termination "normal"]
[Board "13"]
[WhiteElo "1688"]
[BlackElo "1815"]
[PlyCount "102"]
[WhiteFideId "24618462"]
[BlackFideId "24622583"]
[EventCountry "GER"]
[EventRounds "9"]
[EventType "swiss"]
[EventDate "2003.06.07"]

1. d4 Nf6 2. c4 c5 3. d5 e6 4. Nc3 exd5 5. cxd5 d6 6. e4 g6 7. Bd3 Bg7 8. Nf3
O-O 9. O-O Bg4 10. h3 Bxf3 11. Qxf3 Nfd7 12. Qg3 Ne5 13. Be2 Na6 14. f4 Nd7 15.
a3 Re8 16. Bd3 Nc7 17. Bd2 b5 18. Rae1 c4 19. Bc2 a5 20. Nd1 Na6 21. Bc3 Bxc3
22. bxc3 Qc7 23. Nf2 Qc5 24. Ra1 Nf6 25. Kh1 Ra7 26. Qg5 Kg7 27. Ng4 Nxg4 28.
Qxg4 Qe3 29. Rf3 Qe2 30. f5 Qxc2 31. f6+ Kh8 32. Qf4 g5 33. Qxd6 Qxe4 34. Qb6
Raa8 35. Qxb5 h6 36. Qxa5 Qe5 37. Qb5 Red8 38. Qxc4 Qxd5 39. Qg4 Qd7 40. Qh5
Kh7 41. Re3 Re8 42. Rd1 Qb7 43. Red3 Nc5 44. Rd5 Re1+ 45. Rxe1 Qxd5 46. Qe2
Rxa3 47. Qc2+ Qd3 48. Qf2 Rxc3 49. Re3 Rc1+ 50. Kh2 Qf1 51. Qd2 Qf4+ 0-1